00394nam a2200097Ia 45000010005000000080041000050820028000461000110000742450088001842600024002721732241024s9999 xx 000 0 und d aRD/373.97293/R426g/2000 aRepública Dominicana. Secretaría de Estado de Educación y Cultura. Dirección de Educación Media 0aGuía de Trabajo. Seguimiento. La supervisión educativa centrada en los procesos bSanto Domingoc2000